| 000 | 00951nas a2200241 i 4500 | ||
|---|---|---|---|
| 001 | 2078 | ||
| 003 | ES-MaACL | ||
| 005 | 20250815062531.0 | ||
| 007 | t| | ||
| 008 | 950801d18771924fr | | 1 ||re d | ||
| 080 | _a44 | ||
| 245 | 0 | 0 |
_aRevue de géographie / _cdir. M. Ludovic Drapeyron. |
| 260 |
_aParis : _bInstitut Géographique, _c1877-1924 ( _fMay et Motteroz) |
||
| 300 |
_av ; _c25 y 23 cm. |
||
| 310 | _aMensual | ||
| 362 | 0 | _a1re année, t. 1, [n° 1] (janvier 1877)-27e année, t. 53 [n° 12] (décembre 1903) ; 28e année, nouvelle série, n° 1 (janvier 1904)-29e année, [n° 24] (décembre 1905) = t. 54-t. 55 ; [nouvelle série], t. 1 (1906/1907)-t. 12 (1924) | |
| 500 | _aA partir de 1905 no se hacen constar los años de publicación de la revista. | ||
| 650 | 1 | 7 |
_aGeografía _2embne _913070 |
| 700 | 1 |
_aDrapeyron, Ludovic, _edir. _9194376 |
|
| 852 |
_aES-MaACL _jHem-146 |
||
| 866 | 0 | _o1895-1911,1913. | |
| 999 |
_c2078 _d2078 |
||